Wuthering Heights / (Record no. 87465)

MARC details
000 -LEADER
fixed length control field 00588nam a22002057a 4500
005 - DATE AND TIME OF LATEST TRANSACTION
control field 20140725173333.0
010 ## - LCCN (DPL NO)
LC control number B-534244-246
020 ## - INTERNATIONAL STANDARD BOOK NUMBER
International Standard Book Number 9788184083326
Terms of availability 140.00
020 ## - INTERNATIONAL STANDARD BOOK NUMBER
International Standard Book Number 8184083327
Terms of availability 140.00
035 ## - SYSTEM CONTROL NUMBER
System control number B-534244-246
037 ## - SOURCE OF ACQUISITION
Stock number dpl
Source of stock number/acquisition BSB /Ven
082 ## - DEWEY DECIMAL CLASSIFICATION NUMBER
Classification number S
100 ## - MAIN ENTRY--PERSONAL NAME
Personal name Bronte, Emily
245 ## - TITLE STATEMENT
Title Wuthering Heights /
Statement of responsibility, etc byEmily Bronte
260 ## - PUBLICATION, DISTRIBUTION, ETC. (IMPRINT)
Place of publication, distribution, etc New Delhi
Name of publisher, distributor, etc Indiana Publishing House
Date of publication, distribution, etc 2013
270 ## - ADDRESS
Address 2/13, Ansari Road, Darya Ganj
City New Delhi
Postal code 110002 (India)
300 ## - PHYSICAL DESCRIPTION
Extent 240p.:
Dimensions 19cm(Hb)
Other physical details ill.
942 ## - ADDED ENTRY ELEMENTS (KOHA)
Source of classification or shelving scheme Dewey Decimal Classification
Item type Children Books
Call number suffix EMI
Classification part S
Holdings
Withdrawn status Lost status Not for loan Collection code Home library Current library Date acquired Source of acquisition Cost, normal purchase price Full call number Barcode Copy number Cost, replacement price Koha item type
      Fiction Central Library Central Library 25/07/2014 BSB/IN540/16.03.2014/124/12.03.2014/28.03.2014 140.00 S EMI B-534246 1 140.00 Children Books
      Fiction Mobile Library Mobile Library 25/07/2014 BSB/IN540/16.03.2014/124/12.03.2014/28.03.2014 140.00 S EMI B-534244 2 140.00 Children Books
      Fiction Mobile Library Mobile Library 25/07/2014 BSB/IN540/16.03.2014/124/12.03.2014/28.03.2014 140.00 S EMI B-534245 2 140.00 Children Books

© Delhi Public Library
Hit Counter
free hit counter